Financial Fitness for life student workbook Grade 9-12 (Record no. 276971)
[ view plain ]
| 000 -LEADER | |
|---|---|
| fixed length control field | 00321nam a22001217a 4500 |
| 003 - CONTROL NUMBER IDENTIFIER | |
| control field | SISC |
| 005 - DATE AND TIME OF LATEST TRANSACTION | |
| control field | 20150114154101.0 |
| 008 - FIXED-LENGTH DATA ELEMENTS--GENERAL INFORMATION | |
| fixed length control field | 150114b xxu||||| |||| 00| 0 eng d |
| 020 ## - INTERNATIONAL STANDARD BOOK NUMBER | |
| International Standard Book Number | 9781561836970 |
| 245 ## - TITLE STATEMENT | |
| Title | Financial Fitness for life student workbook Grade 9-12 |
| Statement of responsibility, etc | Suzanne Gellman |
| 300 ## - PHYSICAL DESCRIPTION | |
| Extent | 162 p. |
| 942 ## - ADDED ENTRY ELEMENTS (KOHA) | |
| Source of classification or shelving scheme | Library of Congress Classification |
| Item type | Books |
| Withdrawn status | Lost status | Source of classification or shelving scheme | Damaged status | Home library | Current library | Shelving location | Date acquired | Source of acquisition | Total Checkouts | Full call number | Barcode | Date last seen | Date last borrowed | Price effective from | Koha item type |
|---|---|---|---|---|---|---|---|---|---|---|---|---|---|---|---|
| Library of Congress Classification | Luxembourg Library | Luxembourg Library | Teachers Reference Section | 01/14/2015 | Library Fund | 2 | HG 4508.sw9-12 .G319 2011 | 19845 | 11/27/2016 | 11/24/2016 | 01/14/2015 | Books |